000 01216nam a22003737a 4500
003 CHAP
005 20220329143730.0
008 110429s1979 es r 00010 spa d
010 _a101081
011 _a102053
020 _a8430205314
035 _a112741
040 _cCHAP
082 0 4 _a615.32
_bS69 1979
100 0 0 _aSintes Pros, Jorge.
_9106666
245 1 0 _aVirtudes curativas del ajo :
_bun antiséptico excepcional y un poderoso antibiótico
_c/por Jorge Sintes Pros
250 _a2 ed.
260 _aBarcelona :
_bEditorial Sintes,
_c1979
300 _a179 p.
490 _aBiblioteca naturista
590 _aBATCH-UPD
_b10
_c20130110
_lUCH01
_h1138
590 _aBATCH-UPD
_b10
_c20130410
_lUCH01
_h0724
590 _aBATCH-UPD
_b10
_c20130914
_lUCH01
_h0059
590 _aCONVERSION
_b10
_c20130109
_lUCH01
_h1356
650 1 4 _aAjo como antibiótico.
_93220
650 1 4 _aBotánica médica.
_914680
650 1 4 _aMateria médica.
_972929
650 1 4 _aMedicina alternativa.
_973914
650 1 4 _aTerapéutica fisiológica.
_9112346
830 0 _aBiblioteca naturista
_912454
901 _aBK
942 _cLIBRO
949 _a615.32 S69 1979
_bBC
_cLIBRO
_d33724002254116
_eLIBRO
_h114811
_i112741
_sb
999 _c101081
_d101081